000 00657nas a2200229 4500
001 BR8901710
003 BR-BrBNA
005 20231205091517.0
007 ta
008 230509b bl.|||p| |||| 00| 00por d
040 _aBR-BrBNA
_bpor
_cBiblioteca Nacional de Agricultura
041 _a(Pt)
072 _aN10
100 1 _aMeirelles, N. de M.
245 1 _aCercas; uma nova tecnica de baixo custo
650 _aCERCA
650 _aMOURAO
650 _aINSTALACAO AGRICOLA
773 0 _tRevista dos Criadores (Brazil)
_xISSN 0034-9259
_g(Mar 1987), v. 56(686) p. 50-51
_wBR8901710
909 _a202311
_bLúcia
_c55
_dLúcia Elande
942 _2AGRIS
_n0
_cANA
999 _c125561
_d125561